000 00618cab a2200241 4500
001 ABS58707
008 090401t1998 xxu||||| |||| 00| 0 eng d
035 _a(Sirsi) u86330
041 _aeng
100 _aKeady, C.
245 _aHow will you score on best value?
260 _c1998
350 _a0
490 _aIRRV Insight
_v(4) May 1998, 102-103(2)
520 _aSets out a system to ensure that best value works.
650 _aBEST VALUE
650 _aLOCAL AUTHORITIES
650 _aPUBLIC CONTRACTS
650 _aSTANDARDS
690 _aECONOMIC AND SOCIAL
942 _n0
948 _c21/05/1998
999 _c54324
_d54324